000 00854cam a2200253 4500
008 000000n2000 000 0 eng u
020 _a1859421202
035 _a(Sirsi) u109973
050 _a693.82
100 _aNewman, G. M.
245 _aFire safe design : a new approach to multi-storey steel-framed buildings.
260 _aAscot, Berks.
_bSteel Construction Institute
_c2000
300 _ax, 95p. ; 30cm.
350 _a50.00
650 _aFIRE PREVENTION
650 _aMANAGEMENT-HEALTH AND SAFETY-FIRE SAFETY
650 _aBUILT ENVIRONMENT-CONSTRUCTION DESIGN
690 _aBUILT ENVIRONMENT-CONSTRUCTION DESIGN
700 _aRobinson, J. T.
700 _aBailey
_C. G.
710 _aSteel Construction Institute
_91900
710 _aUnited Kingdom
_bDepartment of the Environment, Transport and the Regions
_93507
942 _n0
999 _c101034
_d101034